Statistiques concernant Nourriture qui commence par E

Cliquez ici pour prendre le quiz!

Statistiques générales

  • Ce quiz a été pris 192 fois
    (144 depuis la dernière actualisation)
  • Le résultat moyen est 6 sur 8

Statistiques - réponses

Réponse% Correct
Eau
98%
Escargot
98%
Épinard
87%
Espadon
76%
Échalote
75%
Érable
70%
Estragon
36%
Écorce
29%

Distribution des résultats

Percentile par nombre de réponses

% des personnes avec chaque résultat

Votre développement - résultats

Vous n’avez pas pris ce quiz depuis la dernière actualisation